| 000 -CABECERA |
| campo de control de longitud fija |
00863nam a22002297a 4500 |
| 003 - IDENTIFICADOR DEL NÚMERO DE CONTROL |
| campo de control |
OSt |
| 005 - FECHA Y HORA DE LA ÚLTIMA TRANSACCIÓN |
| campo de control |
20230809103311.0 |
| 008 - DATOS DE LONGITUD FIJA--INFORMACIÓN GENERAL |
| campo de control de longitud fija |
230807b ||||| |||| 00| 0 eng d |
| 040 ## - FUENTE DE LA CATALOGACIÓN |
| Centro catalogador/agencia de origen |
Municipalidad Provincial del Cusco |
| Lengua de catalogación |
spa |
| Centro/agencia transcriptor |
Biblioteca Municipal del Cusco |
| 082 ## - NÚMERO DE LA CLASIFICACIÓN DECIMAL DEWEY |
| Número de clasificación |
F / 641.8 / L74 |
| Notación interna |
L74 |
| 100 ## - ENTRADA PRINCIPAL--NOMBRE DE PERSONA |
| Nombre de persona |
Loayza Chaca, Juan Manuel |
| 9 (RLIN) |
48867 |
| 245 ## - MENCIÓN DE TÍTULO |
| Título |
Perú sour / |
| Mención de responsabilidad, etc. |
Loayza Chaca, Juan Manuel |
| 300 ## - DESCRIPCIÓN FÍSICA |
| Extensión |
56 páginas ; |
| Otras características físicas |
fotos ; |
| Dimensiones |
27.5 cm. |
| 505 ## - NOTA DE CONTENIDO CON FORMATO |
| Nota de contenido con formato |
Recetas de los mejores cocteles -- Historia del Pisco sour -- Los mejores tragos con pisco. |
| 650 #0 - PUNTO DE ACCESO ADICIONAL DE MATERIA--TÉRMINO DE MATERIA |
| 9 (RLIN) |
48246 |
| Término de materia o nombre geográfico como elemento de entrada |
Licores |
| 650 #0 - PUNTO DE ACCESO ADICIONAL DE MATERIA--TÉRMINO DE MATERIA |
| 9 (RLIN) |
2178 |
| Término de materia o nombre geográfico como elemento de entrada |
Perú |
| 700 ## - PUNTO DE ACCESO ADICIONAL--NOMBRE DE PERSONA |
| Nombre de persona |
Rosas Osorio Romero, Guillermo |
| Término indicativo de función/relación |
Redactor |
| 9 (RLIN) |
48868 |
| 700 ## - PUNTO DE ACCESO ADICIONAL--NOMBRE DE PERSONA |
| Nombre de persona |
Flores Ferro, Julio |
| Término indicativo de función/relación |
Corrector y colaborador |
| 9 (RLIN) |
48869 |
| 700 ## - PUNTO DE ACCESO ADICIONAL--NOMBRE DE PERSONA |
| Nombre de persona |
Vega Palomino,Saul |
| Término indicativo de función/relación |
Diseño y diagramación |
| 9 (RLIN) |
48870 |
| 942 ## - ELEMENTOS DE PUNTO DE ACCESO ADICIONAL (KOHA) |
| Fuente del sistema de clasificación o colocación |
|
| Tipo de ítem Koha |
Folletería |
| 945 ## - PROCESAMIENTO DE INFORMACIÓN LOCAL (OCLC) |
| Catalogador |
vcp |
| AAAA-MM-DD Fecha de ingreso o modificación |
2023-08-07 |